Visualizzazione normale
Vista MARC
- Bowien Jimmy
di Personal Name
Records bibliografici associati: 1
001 - CONTROL NUMBER
- control field: 11429
003 - CONTROL NUMBER IDENTIFIER
- control field: IT-RoPau
005 - DATE AND TIME OF LATEST TRANSACTION
- control field: 20140129105512.0
008 - FIXED-LENGTH DATA ELEMENTS
- fixed length control field: 140129|| aca||aabn | a|a d
040 ## - CATALOGING SOURCE
- Original cataloging agency: IT-RoPau
- Transcribing agency: IT-RoPau
100 ## - HEADING--PERSONAL NAME
- Personal name: Bowien Jimmy
- Miscellaneous information: Codice autore musica SPICS: 15726
- Relator term: Autore musica
- Name of part/section of a work: Weekend Torn
670 ## - SOURCE DATA FOUND
- Source citation: Work cat.: (IT-RoPau)98870: Last James 11420, Biscaya-James Last